Les présidents de la 5ème Republique Française - Statistiques

Statistiques générales
  • Ce quiz a été pris 4 086 fois
  • Le résultat moyen est 8 sur 8
Statistiques - réponses
Mandats Présidents % Correct
depuis le 14 mai 2017 Emmanuel Macron
99%
du 15 mai 2012 au 14 mai 2017 François Hollande
99%
du 8 janvier 1959 au 28 avril 1969 Charles de Gaulle
98%
du 16 mai 2007 au 15 mai 2012 Nicolas Sarkozy
97%
du 17 mai 1995 au 16 mai 2007 Jacques Chirac
94%
du 21 mai 1981 au 17 mai 1995 François Mitterrand
93%
du 27 mai 1974 au 21 mai 1981 Valéry Giscard d'Estaing
91%
du 20 juin 1969 au 2 avril 1974 Georges Pompidou
89%
Aucun quiz correspondant
Distribution des résultats
% des personnes avec chaque résultat
Percentile par nombre de réponses
Votre historique - résultats
Vous n’avez pas pris ce quiz